000 00526nam a2200181Ia 4500
008 151202s9999||||xx |||||||||||||| ||und||
082 _bPNVM-46022
100 _aदर्डा उषा
245 _aयोगायोग.
260 _b"पॉप्युलर प्रकाशन,मुंबई."
260 _c2004
300 _a130
600 _aदर्डा उषा
630 _aयोगायोग.
700 _aदर्डा उषा
730 _aयोगायोग.
942 _cBOOK
999 _c1311972
_d1311969